[Event "French Training"]
[Site "SchemingMind.com"]
[Date "2013.08.12"]
[Round "-"]
[White "Olli Ylönen"]
[Black "jjb091"]
[Result "1/2-1/2"]
[WhiteCountry "FIN"]
[BlackCountry "USA"]
[WhiteElo "1799"]
[WhiteRD "63"]
[BlackElo "1735"]
[BlackRD "79"]
[GameID "336468"]

1. e4 e6 2. d4 d5 3. Nc3 Nf6 4. Bg5 Be7 5. e5 Nfd7 6. Bxe7 Qxe7 7. f4 O-O 8. Nf3 c5 9. dxc5 Nc6 10. Qd2 Nxc5
11. O-O-O a6 12. Bd3 b5 13. Ne2 Bb7 14. Ned4 Nxd3+ 15. Qxd3 Rfc8 16. Ng5 g6 17. Nxc6 Rxc6 18. Qh3 h5 19. g4 Rac8 20. gxh5 Rxc2+
21. Kb1 Qb4 22. Qb3 Qxf4 23. hxg6 Qxg5 24. gxf7+ Kxf7 25. Rdf1+ Ke7 26. Qb4+ R2c5 27. Rc1 Qe3 28. a4 Kd8 29. Qh4+ Kd7 30. Qh7+ Kd8
31. Rxc5 Qxc5 32. Rf1 d4 33. Qxb7 Qc2+ 34. Ka1 Qxa4+ 35. Kb1 Qc2+=
1/2-1/2

[Event "French Training"]
[Site "SchemingMind.com"]
[Date "2013.08.10"]
[Round "-"]
[White "buddhastalin"]
[Black "jjb091"]
[Result "0-1"]
[WhiteCountry "USA"]
[BlackCountry "USA"]
[WhiteElo "1358"]
[WhiteRD "67"]
[BlackElo "1847"]
[BlackRD "92"]
[GameID "336469"]

1. e4 e6 2. d4 d5 3. Nc3 Nf6 4. Bg5 Be7 5. e5 Nfd7 6. h4 Bxg5 7. hxg5 Qxg5 8. Nf3 Qe7 9. Bd3 a6 10. Qd2 c5
11. Rxh7 Rxh7 12. Bxh7 c4 13. Ng5 Nf8
0-1

[Event "French Training"]
[Site "SchemingMind.com"]
[Date "2013.08.10"]
[Round "-"]
[White "Till Plewe"]
[Black "jjb091"]
[Result "1-0"]
[WhiteCountry "JPN"]
[BlackCountry "USA"]
[WhiteElo "2378"]
[WhiteRD "70"]
[BlackElo "1820"]
[BlackRD "93"]
[GameID "336470"]

1. e4 e6 2. d4 d5 3. Nc3 Bb4 4. e5 c5 5. a3 Bxc3+ 6. bxc3 Ne7 7. Qg4 O-O 8. Bd3 f5 9. exf6 Rxf6 10. Bg5 Rf7
11. Qh5 g6 12. Qd1 Nbc6 13. Nf3 c4 14. Be2 Qa5 15. Bd2 Nf5 16. O-O Bd7 17. Ng5 Rf6 18. f4 Raf8 19. Qe1 Nd6 20. f5 Nxf5
21. g4 Nd6 22. Qh4 h5 23. Rxf6 Rxf6 24. Nh7 Rf7 25. Nf6+ Rxf6 26. Qxf6 Kh7 27. Qf8 Nxd4 28. Qh6+ Kg8 29. cxd4 Qd8 30. Qxg6+ Kh8
31. Bg5 Qe8 32. Bf6#
1-0

[Event "French Training"]
[Site "SchemingMind.com"]
[Date "2013.08.10"]
[Round "-"]
[White "MKruger"]
[Black "jjb091"]
[Result "1-0"]
[WhiteCountry "GER"]
[BlackCountry "USA"]
[WhiteElo "2101"]
[WhiteRD "81"]
[BlackElo "1762"]
[BlackRD "100"]
[GameID "336471"]

1. e4 e6 2. d4 d5 3. Nc3 Nf6 4. Bg5 Be7 5. e5 Nfd7 6. h4 Bxg5 7. hxg5 Qxg5 8. Qd3 h6 9. Nh3 Qe7 10. Qg3 g6
11. O-O-O Nc6 12. f4 Nb6 13. Nf2 Bd7 14. Ng4 a5 15. Nf6+ Kd8 16. Qf2 a4 17. a3 Nc4 18. Bxc4 dxc4 19. d5 Na5 20. d6 cxd6
21. Rxd6
1-0

[Event "French Training"]
[Site "SchemingMind.com"]
[Date "2013.08.13"]
[Round "-"]
[White "Savage72"]
[Black "alexyongpohweng"]
[Result "0-1"]
[WhiteCountry "NED"]
[BlackCountry "MAS"]
[WhiteElo "1561"]
[WhiteRD "66"]
[BlackElo "1346"]
[BlackRD "59"]
[GameID "336742"]

1. e4 e6 2. Nf3 Nf6 3. e5 Ne4 4. Qe2 Nc5 5. d4 Nca6 6. Bd2 Be7 7. c3 O-O 8. Na3 Bxa3 9. bxa3 d5 10. Qd1 c6
11. Bd3 b6 12. Qc2 g6
0-1

[Event "French Training"]
[Site "SchemingMind.com"]
[Date "2013.08.14"]
[Round "-"]
[White "Savage72"]
[Black "jjb091"]
[Result "0-1"]
[WhiteCountry "NED"]
[BlackCountry "USA"]
[WhiteElo "1561"]
[WhiteRD "66"]
[BlackElo "1820"]
[BlackRD "93"]
[GameID "336743"]

1. e4 e6 2. Nf3 Nc6 3. d4 d5 4. e5 Nge7 5. c3 Ng6 6. Bd3 Be7 7. O-O O-O 8. Na3 f6 9. Bxg6 hxg6 10. Qd3 f5
0-1

[Event "French Training"]
[Site "SchemingMind.com"]
[Date "2013.08.13"]
[Round "-"]
[White "Savage72"]
[Black "buddhastalin"]
[Result "0-1"]
[WhiteCountry "NED"]
[BlackCountry "USA"]
[WhiteElo "1529"]
[WhiteRD "71"]
[BlackElo "1358"]
[BlackRD "67"]
[GameID "336745"]

1. e4 e6 2. Nf3 d5 3. e5 c5 4. b4 cxb4 5. a3 Nc6 6. axb4 Bxb4 7. c3 Ba5 8. d4 Bd7 9. Bd3 Nge7 10. Na3 Bxc3+
0-1

[Event "French Training"]
[Site "SchemingMind.com"]
[Date "2013.08.12"]
[Round "-"]
[White "Savage72"]
[Black "Till Plewe"]
[Result "0-1"]
[WhiteCountry "NED"]
[BlackCountry "JPN"]
[WhiteElo "1529"]
[WhiteRD "71"]
[BlackElo "2364"]
[BlackRD "71"]
[GameID "336746"]

1. e4 e6 2. Nf3 d5 3. e5 c5 4. b4 cxb4 5. a3 Nc6 6. axb4 Bxb4 7. c3 Be7 8. d4 f6 9. Bd3 fxe5 10. dxe5 Nh6
0-1

[Event "French Training"]
[Site "SchemingMind.com"]
[Date "2013.08.13"]
[Round "-"]
[White "Savage72"]
[Black "MKruger"]
[Result "0-1"]
[WhiteCountry "NED"]
[BlackCountry "GER"]
[WhiteElo "1561"]
[WhiteRD "66"]
[BlackElo "2137"]
[BlackRD "80"]
[GameID "336747"]

1. e4 e6 2. Nf3 d5 3. e5 c5 4. b4 cxb4 5. a3 Nc6 6. axb4 Bxb4 7. c3 Be7 8. d4 f6 9. Bd3 fxe5 10. dxe5 Nh6
11. O-O O-O 12. Bxh6 gxh6 13. Qc2 Rxf3 14. Bxh7+ Kh8
0-1

[Event "French Training"]
[Site "SchemingMind.com"]
[Date "2013.08.13"]
[Round "-"]
[White "alexyongpohweng"]
[Black "Savage72"]
[Result "1-0"]
[WhiteCountry "MAS"]
[BlackCountry "NED"]
[WhiteElo "1346"]
[WhiteRD "59"]
[BlackElo "1561"]
[BlackRD "66"]
[GameID "336749"]

1. e4 e6 2. d4 d5 3. e5 c5 4. dxc5 Bxc5 5. Nf3 Qb6 6. Qe2 Nc6 7. Nc3 Nge7 8. Na4 Qb4+ 9. Nc3 d4 10. a3 Qa5
11. b4 Bxb4 12. axb4
1-0

[Event "French Training"]
[Site "SchemingMind.com"]
[Date "2013.08.13"]
[Round "-"]
[White "Till Plewe"]
[Black "Savage72"]
[Result "1-0"]
[WhiteCountry "JPN"]
[BlackCountry "NED"]
[WhiteElo "2364"]
[WhiteRD "71"]
[BlackElo "1529"]
[BlackRD "71"]
[GameID "336753"]

1. e4 e6 2. d4 d5 3. Nc3 a6 4. Bd3 Nf6 5. e5 Nfd7 6. Nce2 c5 7. c3 Qb6 8. Nf3 Nc6 9. O-O Be7 10. Re1 f6
11. Nf4 Nf8 12. exf6
1-0

[Event "French Training"]
[Site "SchemingMind.com"]
[Date "2013.08.13"]
[Round "-"]
[White "MKruger"]
[Black "Savage72"]
[Result "1-0"]
[WhiteCountry "GER"]
[BlackCountry "NED"]
[WhiteElo "2137"]
[WhiteRD "80"]
[BlackElo "1561"]
[BlackRD "66"]
[GameID "336754"]

1. e4 e6 2. d4 d5 3. Nc3 a6 4. Bd3 Nf6 5. Nf3 c5 6. exd5 Nxd5 7. Nxd5 exd5 8. dxc5 Bxc5 9. O-O O-O 10. h3 Nc6
11. c3 Be6 12. Ng5 h6 13. Bh7+ Kh8 14. Bc2
1-0

[Event "French Training"]
[Site "SchemingMind.com"]
[Date "2013.08.18"]
[Round "-"]
[White "The Stonewall"]
[Black "Louis Lima"]
[Result "1-0"]
[WhiteCountry "ENG"]
[BlackCountry "ESP"]
[WhiteElo "2344"]
[WhiteRD "93"]
[BlackElo "1911"]
[BlackRD "75"]
[GameID "336915"]

1. e4 e6 2. Nf3 c5 3. Nc3 Nc6 4. Bb5 Nge7 5. O-O a6 6. Bd3 Nd4 7. Nxd4 cxd4 8. Ne2 Nc6 9. c3 Bc5 10. b4 Ba7
11. Bb2 dxc3 12. dxc3 Ne5 13. c4 Nxd3 14. Qxd3 O-O 15. Rad1 d5 16. exd5 exd5 17. Nf4 Bg4 18. Qg3
1-0

[Event "French Training"]
[Site "SchemingMind.com"]
[Date "2013.08.20"]
[Round "-"]
[White "The Stonewall"]
[Black "alexyongpohweng"]
[Result "1-0"]
[WhiteCountry "ENG"]
[BlackCountry "MAS"]
[WhiteElo "2329"]
[WhiteRD "97"]
[BlackElo "1124"]
[BlackRD "81"]
[GameID "336916"]

1. e4 e6 2. Nf3 Bc5 3. d4 Be7 4. Bd3 Nf6 5. O-O O-O 6. c4 Nc6 7. e5 Ne8 8. Nc3 b6 9. d5 exd5 10. cxd5 Nb8
11. Qa4 Bc5 12. Bxh7+ Kxh7 13. Ng5+ Kg6 14. Qc2+ Kh6 15. Qh7#
1-0

[Event "French Training"]
[Site "SchemingMind.com"]
[Date "2013.08.19"]
[Round "-"]
[White "The Stonewall"]
[Black "jjb091"]
[Result "1-0"]
[WhiteCountry "ENG"]
[BlackCountry "USA"]
[WhiteElo "2328"]
[WhiteRD "101"]
[BlackElo "1847"]
[BlackRD "92"]
[GameID "336917"]

1. e4 e6 2. Nf3 d5 3. Nc3 Nf6 4. e5 Nfd7 5. d4 c5 6. dxc5 Bxc5 7. Bd3 Nc6 8. Bf4 a6 9. O-O h6 10. Qe2 g5
11. Bg3 g4 12. Nd2 h5 13. Kh1 h4 14. Bf4 h3 15. g3 Bd4 16. f3 Ndxe5 17. fxg4 Nxd3 18. cxd3 Qe7 19. Nb3 Bb6 20. Rae1 Bd7
21. Qf3 O-O-O 22. Nxd5 exd5 23. Rxe7 Nxe7 24. Bg5 Bc6 25. Bxe7 d4 26. Rc1 Kb8 27. Rxc6 bxc6 28. Bxd8 Rxd8 29. Kg1 c5 30. Qxf7
1-0

[Event "French Training"]
[Site "SchemingMind.com"]
[Date "2013.08.20"]
[Round "-"]
[White "The Stonewall"]
[Black "Olli Ylönen"]
[Result "1-0"]
[WhiteCountry "ENG"]
[BlackCountry "FIN"]
[WhiteElo "2335"]
[WhiteRD "104"]
[BlackElo "1835"]
[BlackRD "63"]
[GameID "336918"]

1. e4 e6 2. Nf3 c5 3. Nc3 Nc6 4. Bb5 Nge7 5. O-O a6 6. Bd3 Nd4 7. Nxd4 cxd4 8. Ne2 d5 9. exd5 Nxd5 10. c3 dxc3
11. dxc3 Bd6 12. Nd4 Qc7 13. Qh5 Nf4 14. Bxf4 Bxf4 15. Rad1 g6 16. Qh4 O-O 17. Rfe1 b5 18. Be4 Rb8 19. Rd3 f5 20. Bd5 g5
21. Nxe6 Bxe6 22. Bxe6+ Kh8 23. Qh5 Rbd8 24. Rxd8 Qxd8 25. g3 Bc7 26. Bxf5
1-0

[Event "French Training"]
[Site "SchemingMind.com"]
[Date "2013.08.20"]
[Round "-"]
[White "The Stonewall"]
[Black "buddhastalin"]
[Result "1-0"]
[WhiteCountry "ENG"]
[BlackCountry "USA"]
[WhiteElo "2328"]
[WhiteRD "101"]
[BlackElo "1358"]
[BlackRD "67"]
[GameID "336919"]

1. e4 e6 2. Nf3 d5 3. Nc3 c5 4. exd5 exd5 5. Bb5+ Nc6 6. O-O Nf6 7. Re1+ Be7 8. Ne5 Bd7 9. Nxd7 Qxd7 10. d3 O-O
11. Bg5 a6 12. Bxc6
1-0

[Event "French Training"]
[Site "SchemingMind.com"]
[Date "2013.08.20"]
[Round "-"]
[White "The Stonewall"]
[Black "Till Plewe"]
[Result "1/2-1/2"]
[WhiteCountry "ENG"]
[BlackCountry "JPN"]
[WhiteElo "2439"]
[WhiteRD "89"]
[BlackElo "2368"]
[BlackRD "71"]
[GameID "336920"]

1. e4 e6 2. Nf3 d5 3. Nc3 Nf6 4. e5 Nfd7 5. d4 c5 6. dxc5 Nc6 7. Bf4 Bxc5 8. Bd3 f6 9. exf6 Nxf6 10. O-O O-O
11. Ne5 Bd7 12. Qe2 Qe7 13. Rae1 Rae8 14. a3 a6 15. Bg3 Nxe5 16. Bxe5 Bc6 17. Kh1 g6 18. b4 Bb6 19. b5 axb5 20. Nxb5 Bc5
21. f4 Nd7 22. Bc3 Qh4 23. g3 Qe7 24. Nd4 Qg7 25. Nxc6 Qxc3 26. Ne5 Nxe5 27. Qxe5 Qxe5 28. Rxe5 Bxa3 29. Rb1 Re7 30. c4 Bd6=
1/2-1/2

[Event "French Training"]
[Site "SchemingMind.com"]
[Date "2013.08.20"]
[Round "-"]
[White "The Stonewall"]
[Black "MKruger"]
[Result "1/2-1/2"]
[WhiteCountry "ENG"]
[BlackCountry "GER"]
[WhiteElo "2329"]
[WhiteRD "97"]
[BlackElo "2101"]
[BlackRD "81"]
[GameID "336922"]

1. e4 e6 2. Nf3 d5 3. Nc3 Nf6 4. e5 Nfd7 5. d4 c5 6. dxc5 Nc6 7. Bf4 Bxc5 8. Bd3 f6 9. exf6 Nxf6 10. O-O O-O
11. Ne5 Bd7 12. Qe2 Qe7 13. Rae1 Rae8 14. a3 a6 15. Bg3 Nxe5 16. Bxe5 Bc6 17. b4 Bb6 18. Kh1 Rd8 19. f4 Nd7 20. Qh5 g6
21. Bxg6 Nxe5 22. Rxe5 Bd4 23. Bxh7+ Qxh7 24. Qg4+ Kf7 25. Qxe6+ Kg7 26. Qg4+ Kf7=
1/2-1/2

[Event "French Training"]
[Site "SchemingMind.com"]
[Date "2013.08.16"]
[Round "-"]
[White "Louis Lima"]
[Black "The Stonewall"]
[Result "0-1"]
[WhiteCountry "ESP"]
[BlackCountry "ENG"]
[WhiteElo "1771"]
[WhiteRD "67"]
[BlackElo "2335"]
[BlackRD "101"]
[GameID "336923"]

1. e4 e6 2. d4 c5 3. d5 exd5 4. exd5 d6 5. Nf3 Nf6 6. Nc3 Be7 7. Be2 O-O 8. O-O Na6 9. Re1 Nc7 10. a4 b6
11. Bc4 Re8 12. Bg5 h6 13. Bh4 Bf5 14. Bg3 Nh5 15. Ne5 Nxg3 16. Nc6 Qd7 17. Nxe7+ Rxe7 18. Rxe7 Qxe7 19. hxg3 a6 20. Bd3 Bxd3
21. Qxd3 Re8 22. Rd1 Qd7 23. Kf1 Qg4 24. Re1 Rxe1+ 25. Kxe1 Qb4 26. b3 Nxd5 27. Qxd5 Qxc3+ 28. Kd1 Qa1+ 29. Kd2 Qf6 30. Qa8+ Kh7
31. Qxa6 Qxf2+ 32. Qe2 Qf6 33. Qb5 Qg5+ 34. Kd1 Qd8 35. c3 Qf6 36. Qxb6 Qf1+ 37. Kc2 Qxg2+ 38. Kb1 Qg1+ 39. Kc2 Qxg3 40. a5 Qf2+
41. Kc1 Qe1+ 42. Kc2 Qe2+ 43. Kb1 Qd1+ 44. Kb2 Qd2+ 45. Kb1 Qd3+ 46. Kb2 f5 47. a6 f4 48. a7 f3 49. a8=Q f2 50. Qbb8 Qe2+
0-1

[Event "French Training"]
[Site "SchemingMind.com"]
[Date "2013.08.18"]
[Round "-"]
[White "alexyongpohweng"]
[Black "The Stonewall"]
[Result "0-1"]
[WhiteCountry "MAS"]
[BlackCountry "ENG"]
[WhiteElo "1124"]
[WhiteRD "81"]
[BlackElo "2329"]
[BlackRD "97"]
[GameID "336924"]

1. e4 e6 2. d4 c5 3. dxc5 Bxc5 4. Nf3 Qb6 5. Qe2 Nf6 6. Nc3 Ng4 7. h3 Bxf2+ 8. Kd1 Ne3+ 9. Bxe3 Bxe3 10. Rb1 a6
11. Na4 Qa7 12. Qd3 b5 13. Nc3 Nc6 14. Be2 O-O 15. Ne1 f5 16. Nf3 d5 17. exf5 Nb4
0-1

[Event "French Training"]
[Site "SchemingMind.com"]
[Date "2013.08.16"]
[Round "-"]
[White "jjb091"]
[Black "The Stonewall"]
[Result "0-1"]
[WhiteCountry "USA"]
[BlackCountry "ENG"]
[WhiteElo "1847"]
[WhiteRD "92"]
[BlackElo "2328"]
[BlackRD "101"]
[GameID "336925"]

1. e4 e6 2. d4 c5 3. d5 exd5 4. exd5 d6 5. c4 Nf6 6. Nc3 Be7 7. Nf3 O-O 8. Bd3 Bg4 9. h3 Bh5 10. g4 Bg6
11. Bxg6 hxg6 12. Bf4 Re8 13. O-O Na6 14. a3 Nc7 15. Qc2 b5 16. Nxb5 Nxb5 17. cxb5 Nxd5 18. Bg3 Qb6 19. Qc4 Qb7 20. Ne1 Nf6
21. Nc2 d5 22. Qb3 c4 23. Qa4 Ne4 24. Nd4 Nxg3 25. fxg3 Bc5 26. Rad1 Qb6 27. b3 Bxd4+ 28. Kh2 Re2+ 29. Kh1 Bg1 30. Rxg1 Qf2
0-1

[Event "French Training"]
[Site "SchemingMind.com"]
[Date "2013.08.20"]
[Round "-"]
[White "Olli Ylönen"]
[Black "The Stonewall"]
[Result "0-1"]
[WhiteCountry "FIN"]
[BlackCountry "ENG"]
[WhiteElo "1835"]
[WhiteRD "63"]
[BlackElo "2335"]
[BlackRD "104"]
[GameID "336926"]

1. e4 e6 2. d4 d5 3. Nc3 Bb4 4. e5 b6 5. Qg4 Bf8 6. Nf3 Qd7 7. Bb5 Nc6 8. O-O Bb7 9. a3 Nge7 10. Bg5 O-O-O
11. Ne2 h6 12. Bd2 h5 13. Qh3 Nf5 14. g4 hxg4 15. Qxh8 gxf3 16. Bxc6 Bxc6 17. Ng3 Bb4 18. Qh5 Bxd2 19. Nxf5 exf5 20. Qxf3 g5
21. Qe2 Bf4 22. f3 Bb5 23. Qf2 Bxf1 24. Qxf1 Rh8
0-1

[Event "French Training"]
[Site "SchemingMind.com"]
[Date "2013.08.20"]
[Round "-"]
[White "buddhastalin"]
[Black "The Stonewall"]
[Result "0-1"]
[WhiteCountry "USA"]
[BlackCountry "ENG"]
[WhiteElo "1358"]
[WhiteRD "67"]
[BlackElo "2328"]
[BlackRD "101"]
[GameID "336927"]

1. e4 e6 2. d4 c5 3. c3 d5 4. Nf3 dxe4 5. Ne5 Nf6 6. Bb5+ Bd7 7. Nxd7 Nbxd7 8. dxc5 Bxc5 9. O-O O-O 10. Bg5 Qc7
11. Nd2 Qe5
0-1

[Event "French Training"]
[Site "SchemingMind.com"]
[Date "2013.08.16"]
[Round "-"]
[White "Till Plewe"]
[Black "The Stonewall"]
[Result "0-1"]
[WhiteCountry "JPN"]
[BlackCountry "ENG"]
[WhiteElo "2368"]
[WhiteRD "71"]
[BlackElo "2439"]
[BlackRD "89"]
[GameID "336928"]

1. e4 e6 2. d4 d5 3. Nc3 Bb4 4. e5 c5 5. a3 Bxc3+ 6. bxc3 Qa5 7. Bd2 Qa4 8. Qg4 Kf8 9. c4 Nc6 10. dxc5 Nxe5
11. Qf4 Nxc4 12. Nf3 f6 13. Bxc4 Qxc4 14. Qc7 a5 15. Rb1 Qa4 16. O-O Ne7 17. c4 Qc6 18. Qd8+ Qe8 19. Qd6 dxc4 20. Rfd1 Ra6
21. Qf4 e5 22. Qxc4 Be6 23. Qe2 Qc8 24. Rb5 Kf7 25. Bc3 Re8 26. Nxe5+ fxe5 27. Qxe5 Nf5 28. g4 Bb3 29. Rxb7+ Qxb7 30. Qxf5+ Ke7
31. Rd3 Be6 32. Re3 Rd8 33. f3 g6 34. Qe5 Rf8 35. Kg2 Kd8 36. Bxa5+ Kc8 37. Bb6 Bd5 38. Kg1 Qd7 39. Rd3 Rxf3
0-1

[Event "French Training"]
[Site "SchemingMind.com"]
[Date "2013.08.20"]
[Round "-"]
[White "MKruger"]
[Black "The Stonewall"]
[Result "1/2-1/2"]
[WhiteCountry "GER"]
[BlackCountry "ENG"]
[WhiteElo "2215"]
[WhiteRD "73"]
[BlackElo "2328"]
[BlackRD "101"]
[GameID "336930"]

1. e4 e6 2. d4 c5 3. d5 exd5 4. exd5 d6 5. Nf3 Nf6 6. Nc3 Be7 7. Bb5+ Nbd7 8. a4 O-O 9. O-O a6 10. Be2 Re8
11. Nd2 Nb6 12. Bf3 a5 13. Re1 Bf8 14. Nde4 Nxe4 15. Nxe4 Re5 16. Ng3 Qe7 17. Rf1 Qf6 18. b3 Re8 19. Rb1 Nd7 20. Be2 g6
21. Bb5 Bg7 22. Bb2 Qf4 23. Qc1 Qxc1 24. Bxc1 Rd8 25. Bf4 Nf6 26. Rbd1 Bd7 27. Bxd7 Rxd7 28. Rfe1 c4 29. Ne4 cxb3 30. cxb3 Nxe4
31. Rxe4 Rc8 32. g4 Bb2 33. Bd2 b6 34. Kf1 Be5 35. Rc1 Rxc1+ 36. Bxc1 b5 37. Bd2 f5 38. gxf5 gxf5 39. Rh4 Ra7 40. Rh5 f4
41. Rf5 bxa4 42. bxa4 Kg7 43. Bxf4 Bxf4 44. Rxf4 Re7 45. Rd4=
1/2-1/2

[Event "French Training"]
[Site "SchemingMind.com"]
[Date "2013.08.25"]
[Round "-"]
[White "cnile"]
[Black "Louis Lima"]
[Result "0-1"]
[WhiteCountry "SCO"]
[BlackCountry "ESP"]
[WhiteElo "1433"]
[WhiteRD "67"]
[BlackElo "1910"]
[BlackRD "67"]
[GameID "337320"]

1. e4 e6 2. d4 c5 3. Nf3 cxd4 4. Nxd4 Nf6 5. Nc3 d6 6. Be2 a6 7. f3 Be7 8. Be3 O-O 9. Qd2 b5 10. g4 Bb7
11. O-O-O Nc6 12. h4 Qa5 13. Kb1 b4 14. Nxc6 Bxc6 15. e5 bxc3 16. Qxc3 Qxc3 17. bxc3 dxe5 18. Rhe1 Ba3 19. Rd6 Rab8+ 20. Ka1 Bb2+
21. Kb1 Bxc3+ 22. Kc1 Bxf3 23. Rxa6 Bxe1 24. Bxf3 Bxh4 25. Bg1 Rfd8
0-1

[Event "French Training"]
[Site "SchemingMind.com"]
[Date "2013.08.27"]
[Round "-"]
[White "cnile"]
[Black "alexyongpohweng"]
[Result "1-0"]
[WhiteCountry "SCO"]
[BlackCountry "MAS"]
[WhiteElo "1440"]
[WhiteRD "66"]
[BlackElo "1346"]
[BlackRD "59"]
[GameID "337321"]

1. e4 e6 2. d4 d5 3. Nd2 dxe4 4. Nxe4 Nf6 5. Nxf6+ Qxf6 6. Nf3 Nc6 7. Be3 Bb4+ 8. c3 O-O 9. cxb4 Nxb4 10. Be2 Qf5
11. O-O Nc2 12. Rc1 Nxe3 13. fxe3 Qe4 14. Qd2 Qd5 15. Bc4 Qd7 16. Ne5 Qe7 17. Qf2 c6 18. b4 b5 19. Bb3 Qf6 20. Qxf6 gxf6
21. Rxf6 Kg7 22. Rff1 Bb7 23. Nd7 Rfd8 24. Ne5 Kf8 25. Rxf7+ Kg8 26. Rxb7
1-0

[Event "French Training"]
[Site "SchemingMind.com"]
[Date "2013.08.30"]
[Round "-"]
[White "cnile"]
[Black "jjb091"]
[Result "0-1"]
[WhiteCountry "SCO"]
[BlackCountry "USA"]
[WhiteElo "1440"]
[WhiteRD "66"]
[BlackElo "1820"]
[BlackRD "93"]
[GameID "337322"]

1. e4 e6 2. Nf3 d5 3. exd5 exd5 4. d4 Nf6 5. Bg5 Be7 6. Bd3 h6 7. Be3 O-O 8. c3 Bg4 9. Nbd2 Nbd7 10. Qb3 b6
11. O-O c5 12. h3 c4 13. Bxc4 dxc4 14. Qxc4 Be6 15. Qe2 Nd5 16. Ne4 Nxe3 17. Qxe3 Re8 18. Rfe1 Nf6 19. Ne5 Bd5 20. Nxf6+ Bxf6
21. Rad1 Qc7 22. Qf4 Bg5
0-1

[Event "French Training"]
[Site "SchemingMind.com"]
[Date "2013.08.26"]
[Round "-"]
[White "cnile"]
[Black "The Stonewall"]
[Result "0-1"]
[WhiteCountry "SCO"]
[BlackCountry "ENG"]
[WhiteElo "1440"]
[WhiteRD "66"]
[BlackElo "2335"]
[BlackRD "101"]
[GameID "337323"]

1. e4 e6 2. d4 a6 3. Nf3 b5 4. c3 Bb7 5. Bd3 c5 6. Be3 cxd4 7. cxd4 Nf6 8. O-O Nxe4 9. Nbd2 Nxd2 10. Bxd2 Nc6
11. Re1 Nb4 12. Bb1 Rc8 13. a3 Nd5 14. Be4 Be7 15. Qe2 O-O 16. Bf5 exf5 17. Ne5 Bf6 18. Rad1 d6 19. Nf3 Qd7 20. Be3 Rfe8
21. Qd3 f4 22. Bxf4 Nxf4 23. Qd2 Bxf3
0-1

[Event "French Training"]
[Site "SchemingMind.com"]
[Date "2013.08.30"]
[Round "-"]
[White "cnile"]
[Black "Olli Ylönen"]
[Result "0-1"]
[WhiteCountry "SCO"]
[BlackCountry "FIN"]
[WhiteElo "1477"]
[WhiteRD "73"]
[BlackElo "1835"]
[BlackRD "63"]
[GameID "337324"]

1. e4 e6 2. d4 d5 3. Nd2 Nf6 4. Bd3 c5 5. c3 cxd4 6. cxd4 dxe4 7. Nxe4 Nxe4 8. Bxe4 Bb4+ 9. Kf1 O-O 10. Qh5 f5
11. Bc2 Qxd4 12. Be3 Qc4+ 13. Qe2 Qxe2+ 14. Kxe2 Nc6 15. Nf3 f4 16. Bd2 Bxd2 17. Kxd2 e5 18. Rhd1 Bf5 19. Bxf5 Rxf5 20. Kc3 Rc8
21. Rac1 e4 22. Nd4 Rc5+ 23. Kd2 Nxd4 24. h3 Rxc1 25. Rxc1 Rxc1 26. Kxc1 e3
0-1

[Event "French Training"]
[Site "SchemingMind.com"]
[Date "2013.08.26"]
[Round "-"]
[White "cnile"]
[Black "Till Plewe"]
[Result "0-1"]
[WhiteCountry "SCO"]
[BlackCountry "JPN"]
[WhiteElo "1440"]
[WhiteRD "66"]
[BlackElo "2378"]
[BlackRD "70"]
[GameID "337326"]

1. e4 e6 2. d4 d5 3. Nd2 Nf6 4. Bd3 c5 5. c3 cxd4 6. cxd4 dxe4 7. Nxe4 Bd7 8. Bg5 Bc6 9. Nxf6+ gxf6 10. Be3 Bxg2
11. Qa4+ Nc6 12. Rc1 Bxh1 13. Ne2 Bb4+ 14. Kf1 Qa5 15. Qb3 Rg8 16. Nf4 O-O-O 17. Bxh7 Rg7 18. Be4 Bxe4 19. Nxe6 Qb5+ 20. Qc4 Bd3+
0-1

[Event "French Training"]
[Site "SchemingMind.com"]
[Date "2013.08.26"]
[Round "-"]
[White "cnile"]
[Black "MKruger"]
[Result "0-1"]
[WhiteCountry "SCO"]
[BlackCountry "GER"]
[WhiteElo "1433"]
[WhiteRD "67"]
[BlackElo "2101"]
[BlackRD "81"]
[GameID "337328"]

1. e4 e6 2. d4 d5 3. Nd2 Nf6 4. Bd3 c5 5. c3 cxd4 6. cxd4 dxe4 7. Nxe4 Bd7 8. Bg5 Be7 9. Nf3 Nxe4 10. Bxe7 Qxe7
11. Bxe4 Bc6 12. Bxc6+ Nxc6 13. O-O O-O 14. a3 Rad8 15. Re1 Rd5 16. Rc1 Rfd8 17. Qa4 Qd7 18. Ne5 Nxe5 19. Qxd7 Nxd7
0-1

[Event "French Training"]
[Site "SchemingMind.com"]
[Date "2013.08.26"]
[Round "-"]
[White "Louis Lima"]
[Black "cnile"]
[Result "1-0"]
[WhiteCountry "ESP"]
[BlackCountry "SCO"]
[WhiteElo "1910"]
[WhiteRD "67"]
[BlackElo "1433"]
[BlackRD "67"]
[GameID "337329"]

1. e4 e6 2. f4 c5 3. Nf3 Nc6 4. Qe2 Nge7 5. g3 a6 6. Bg2 d5 7. d3 Qb6 8. c3 Bd7 9. Be3 dxe4 10. dxe4 Rc8
11. Na3 Ng6 12. Nc4 Qa7 13. Rd1 b5 14. Nd6+ Bxd6 15. Rxd6 O-O 16. b4 Nce7 17. Bxc5 Qb7 18. O-O Bc6 19. Nd4 Rfd8 20. Nxc6 Rxd6
21. Nxe7+ Qxe7 22. e5 Rxc5 23. exd6 Qxd6 24. bxc5 Qxc5+ 25. Qf2 Qxc3 26. Rd1 h5 27. Qd4
1-0

[Event "French Training"]
[Site "SchemingMind.com"]
[Date "2013.08.27"]
[Round "-"]
[White "alexyongpohweng"]
[Black "cnile"]
[Result "0-1"]
[WhiteCountry "MAS"]
[BlackCountry "SCO"]
[WhiteElo "1346"]
[WhiteRD "59"]
[BlackElo "1440"]
[BlackRD "66"]
[GameID "337330"]

1. e4 e6 2. d4 d5 3. exd5 exd5 4. Nf3 Bd6 5. Bd3 Ne7 6. O-O O-O 7. Nc3 c6 8. b3 Be6 9. Ng5 h6 10. Nxe6 fxe6
11. Bb2 Nd7 12. b4 Bxb4 13. Qg4 Nf5 14. Bxf5 Rxf5 15. Qe2 Qe7 16. f3 Raf8 17. a3 Bd6 18. Na4 Qh4 19. g3 Qe7 20. g4 Qg5
21. Qg2 Qe3+ 22. Rf2 Rxf3 23. Rf1 Bxh2+ 24. Qxh2 Rg3+ 25. Kh1 Rxf2 26. Qxf2 Qe4+
0-1

[Event "French Training"]
[Site "SchemingMind.com"]
[Date "2013.08.30"]
[Round "-"]
[White "jjb091"]
[Black "cnile"]
[Result "1-0"]
[WhiteCountry "USA"]
[BlackCountry "SCO"]
[WhiteElo "1847"]
[WhiteRD "92"]
[BlackElo "1467"]
[BlackRD "70"]
[GameID "337331"]

1. e4 e6 2. d4 d5 3. Nc3 Bb4 4. e5 c5 5. a3 Bxc3+ 6. bxc3 Nc6 7. Qg4 Nge7 8. Qxg7 Rg8 9. Qxh7 cxd4 10. f4 Qc7
11. Ne2 Bd7 12. Qd3 dxc3 13. Rb1 Nf5 14. h3 d4 15. g4 Nfe7 16. Bg2 O-O-O 17. Nxd4 Be8 18. Qh7 Nxd4 19. Rxb7 Qa5 20. Rxe7 Nxc2+
21. Qxc2 Ba4 22. Qe4 c2+ 23. Kf2 Qc5+ 24. Kg3 Qxe7 25. Qxa4 Rd3+ 26. Kh2 Rgd8 27. Qa6+ Kb8 28. Qc6 Rd1 29. Qa8+ Kc7 30. Qb7#
1-0